Normal view
MARC view
- Architectural History
Entry Topical Term
001 - CONTROL NUMBER
- control field: 15262
003 - CONTROL NUMBER IDENTIFIER
- control field: OSt
005 - DATE AND TIME OF LATEST TRANSACTION
- control field: 20220803170607.0
008 - FIXED-LENGTH DATA ELEMENTS
- fixed length control field: 220803|| aca||aabn | a|a d
040 ## - CATALOGING SOURCE
- Original cataloging agency: OSt
- Transcribing agency: OSt
150 ## - HEADING--TOPICAL TERM
- Topical term or geographic name entry element: Architectural History
670 ## - SOURCE DATA FOUND
- Source citation: Work cat.: (OSt)11272: Kumar V 15261, All you Wanted to Know About Vastushastra, 1999